Statistiken für Die 10 größten Länder Asiens nach Fläche

Klicken Sie hier um das Quiz zu spielen!

Allgemein

  • Dieses Quiz wurde 455 mal gespielt
  • Das Durchschnittsergebnis liegt bei 9 aus 10

Antwortstatistiken

RangFlächeLand% Korrekt
2.9.596.961 km²China
100%
1.17.098.242 km²Russland
99%
3.3.287.263 km²Indien
98%
4.2.724.900 km²Kasachstan
97%
6.1.904.569 km²Indonesien
95%
5.2.149.690 km²Saudi-Arabien
94%
8.1.564.116 km²Mongolei
93%
7.1.648.195 km²Iran
91%
9.796.095 km²Pakistan
88%
10.783.562 km²Türkei
78%

Verteilung der Resultate

Perzentil nach korrekt beantworteten Fragen

Anzahl Personen mit jedem Resultat

Ihre Resultats-Entwicklung

Sie haben dieses Quiz noch nicht gespielt